000 00562 a2200181 4500
999 _c3498
_d3498
020 _a9780409111651
050 _aQ190.ORR 2001
100 _a Orr, Margaret,
_d 1955-
_eauthor
245 _aThe language of science /
_cM.H. Orr, C.J.H. Schutte.
264 _aDurban :
_b Butterworths,
_c ♭2001
300 _aix, 309 pages : illustrations, forms
500 _alncludes index
650 _aEnglish language
_xTechnical English
650 _aReaders
_xScience.
650 _aScience
_xTerminology.
700 _aSchutte, C.J.H.
942 _2lcc
_cBK
_h190
_iORR
_kQ